Un footballeur pour chaque pays - Lettre A - Statistiques

Statistiques générales
  • Ce quiz a été pris 131 fois
  • Le résultat moyen est 7 sur 17
Statistiques - réponses
Pays Réponses % Correct
Allemagne Beckenbauer, Matthaus, Neuer, Muller, Kimmich, Kroos, Hummels, Rudiger, Reus, Ter Stegen
92%
Angleterre Beckham, Scholes, Gerrard, Lampard, Rooney, Charlton, Kane, Bellingham, Foden, Walker
90%
Argentine Messi, Maradona, Aguero, Dybala, Di Maria, Crespo, Mascherano, Zanetti, Riquelme, Higuain
89%
Algérie Mahrez, Bennacer, Atal, Aouar, Benrahma, Slimani, Brahimi, Boudebouz, Bensebaini, Ghoulam
87%
Autriche Alaba, Arnautovic, Sabitzer, Laimer, Schlager, Lainer, Hinteregger, Danso, Manninger, Gregoritsch
77%
Australie Kewell, Goodwin, Ryan, Cahill, Maclaren, Mooy, Irvine, Rogic, Schwarzer, McGree
68%
Albanie Strakosha, Hysaj, Berisha, Cana, Djimsiti, Uzuni, Broja, Balliu, Bare, Xhaka
49%
Arménie Mkhitaryan, Zelarayan, Movsisyan, Adamyan, Ozbiliz, Ghazaryan, Briasco, Pizzelli, Berezovskiy, Manucharyan
47%
Afrique du Sud Tshabalala, Khune, Pienaar, Zwane, Manyisa, Tau, Zungu, Lorch, Mothiba, Phiri
32%
Arabie Saoudite Al Owairan, Al Jaber, Al Dawsari, Bahebri, Abdulhamid, Al Shehri, Al Shahrani, Al Sahlawi, Al Muwallad, Al Faraj
26%
Angola Mata, Nzola, Bastos, Eduardo, Manucho, Djalma, Dala, Mabululu, Abreu, Mateus
23%
Andorre Lima, Alvarez, Cervos, Cucu, Vales, Llovera, Ayala, Gomes, Gomez, San Nicolas
14%
Aruba Abdul, Lewis, Groothusen, John, Richard, Bäly, Lentink, Breinburg, Gomez, Pereira Freire
6%
Azerbaïdjan Dadashov, Krivotsyuk, Yilmaz, Eddy, Emreli, Nazarov, Sheidaev, Makhmudov, Nouri, Sonmez
4%
Antigua et Barbuda Townsend, Romeo, Blackstock, Leigertwood, James-Wildin, Parker, Weston, Francis-Angol, Pereira, Browne
4%
Afghanistan Haydary, Amin, Akbari, Kouhyar, Husin, Hewad, Noor, Niemann, Shayesteh, Sadat
3%
Anguilla Morgan, Duncan, Paris, Hughes, Connor, Liddie, O'Connor, Burris, Richardson, Fleming
1%
Aucun quiz correspondant
Distribution des résultats
% des personnes avec chaque résultat
Percentile par nombre de réponses
Votre historique - résultats
Vous n’avez pas pris ce quiz